00741nam a2200169 a 4500008004100000020001500041050001800056100001900074245009000093246008700183260004200270300002200312350000900334995008500343999001700428952012600445120416s0000 ||||||||||||||||| || u a085365784X aZ 673.L74 Dev aDudley, Edward14aThe development of national library and information servicescedited by Edward Dudley apapers given at the first Library Association International Workshop, London, 1981 aLondonbThe Library Associationc1983 axii, 202p. : ill. a0.00 D0.00FCBU-MAIN LIBRARY (Kitwe)H1I19.50UAVAILABLEZAnnex Low-Usage Collection  c40001d40001 00102lcc4070a001b001cAnnex Low-Usage Collection d2022-11-30l0oZ 673.L74 Devp017467r2022-11-30w2022-11-30y002